Design of a microlaboratory module for lubricant viscosity measurement with the possibility of integration into nanosatellites

Guardado en:
Detalles Bibliográficos
Autor principal: Hlaváč, Dominik (Autor)
Otros Autores: Valko, Pavol (Orientador)
Formato: Manuscrito Libro
Lenguaje:eslovaco
inglés
Publicado: 2025
Materias:
Acceso en línea:http://is.stuba.sk/zp/portal_zp.pl?podrobnosti=184583
Etiquetas: Agregar Etiqueta
Sin Etiquetas, Sea el primero en etiquetar este registro!

MARC

LEADER 00000ntm a22000003a 4500
001 stuzp105688
003 SK-STU
005 20250614214015.3
007 ta
008 150427s2015----xo-----f-mn---000-0-slo-d
040 |a STU  |b slo 
041 0 |a eng 
100 1 |a Hlaváč, Dominik  |u 033000  |4 aut  |U FEI Fakulta elektrotechniky a informatiky  |T FEI Ústav elektroniky a fotoniky  |X 111041  |U E030  |Y 549  |7 111041 
242 0 1 |a Návrh modulu mikrolaboratória pre meranie viskozity mazív s možnosťou integrácie do nanosatelitov  |y slo 
245 1 0 |a Design of a microlaboratory module for lubricant viscosity measurement with the possibility of integration into nanosatellites 
260 |c 2025 
650 4 |a CubeSat  |2 eng 
650 4 |a Lubricants  |2 eng 
650 4 |a Tribology  |2 eng 
650 4 |a Viscosity measurement  |2 eng 
650 4 |a Viscosity  |2 eng 
650 4 |a CubeSat  |2 slo 
650 4 |a Mazivá  |2 slo 
650 4 |a Tribológia  |2 slo 
650 4 |a Meranie viskozity  |2 slo 
650 4 |a Viskozita  |2 slo 
700 1 |a Valko, Pavol  |u 036000  |k Z1  |4 ths  |U FEI Fakulta elektrotechniky a informatiky  |T FEI Ústav jadrového a fyzikálneho inžinierstva  |X 4234  |U E060  |Y 817  |7 A000004234 
856 4 |u http://is.stuba.sk/zp/portal_zp.pl?podrobnosti=184583